000 00230nam a22000857a 4500
008 160916b xxu||||| |||| 00| 0 eng d
100 _9594
_aGupta.K.K.etal
245 _aEvery Day Science-6
260 _aNew Delhi
_bFrank publications
_c2012
999 _c3250
_d3250